00466cam a2200181ua 4500001000500000005001700005008003900022020002200061040000900083082001300092100004400105245004600149250000900195260003100204300001700235653001900252653001300271308120260515113629.0110928n ii |||gr||||Z||||||asm a978-81-7339-403-4 cMAIN a891.45131 aBhattacharjya, Birendra Kumar,eAuthor.11aPratipadcby Birendra Kumar Bhattacharjya a3rd. aGuahati:bBanalata,c2007. a220p:c23cm. aAssamese novel aPratipad